[Event "1. Lovsprings EMT Mesterklassen"]
[Site "Ringsted"]
[Date "1989.04.07"]
[Round "1"]
[White "Olsen, Nils Linde"]
[Black "Madsen, Hans Henrik"]
[Result "1-0"]
[WhiteElo "2158"]
[BlackElo "1999"]
[PlyCount "75"]
[EventDate "1989.??.??"]

1. d4 Nf6 2. Nf3 d5 3. c4 g6 4. cxd5 Nxd5 5. e4 Nb6 6. Be3 Bg7 7. Qc2 O-O 8.
Be2 Bg4 9. Nbd2 Nc6 10. d5 Ne5 11. Nxe5 Bxe2 12. Nxg6 hxg6 13. Kxe2 Qd7 14.
Rhb1 Rac8 15. Kf1 c6 16. dxc6 Rxc6 17. Qb3 Rfc8 18. Rd1 Qg4 19. Rab1 Rd6 20. h3
Qd7 21. Nf3 Rd8 22. Rxd6 Qxd6 23. Rc1 Bf6 24. Kg1 Qd3 25. Qxd3 Rxd3 26. e5 Bg7
27. Bxb6 axb6 28. Rc7 Rd1+ 29. Kh2 Rb1 30. b3 Rb2 31. Kg3 Rxa2 32. Rxb7 Ra5 33.
Rb8+ Kh7 34. Ng5+ Kh6 35. Nxf7+ Kh5 36. Rg8 Bxe5+ 37. Nxe5 Rxe5 38. Rh8+ 1-0

[Event "1. Lovsprings EMT Mesterklassen"]
[Site "Ringsted"]
[Date "1989.04.07"]
[Round "1"]
[White "Hansen, Jorgen Bredahl"]
[Black "Christensen, Lars (1957)"]
[Result "0-1"]
[WhiteElo "2021"]
[BlackElo "1962"]
[PlyCount "66"]
[EventDate "1989.??.??"]

1. e4 d6 2. d4 Nf6 3. Nc3 g6 4. Nf3 Bg7 5. Be2 O-O 6. Bg5 h6 7. Bf4 c6 8. Qd2
Kh7 9. h4 d5 10. Ng5+ Kg8 11. e5 hxg5 12. exf6 gxf4 13. fxg7 Kxg7 14. Qxf4 Qd6
15. Qxd6 exd6 16. Kd2 Be6 17. Bd3 Rh8 18. Ne2 c5 19. c3 Nc6 20. f3 Rh6 21. g3
Rah8 22. Rhe1 f6 23. f4 Bg4 24. Bb5 Re8 25. Ng1 Rhh8 26. Bxc6 bxc6 27. Rxe8
Rxe8 28. Re1 Re4 29. Rxe4 dxe4 30. dxc5 dxc5 31. Ne2 Bxe2 32. Kxe2 f5 33. c4
Kh6 0-1

[Event "1. Lovsprings EMT Mesterklassen"]
[Site "Ringsted"]
[Date "1989.04.07"]
[Round "1"]
[White "Preuss, Flemming"]
[Black "Lynge, Michael"]
[Result "1-0"]
[WhiteElo "2043"]
[BlackElo "1948"]
[PlyCount "75"]
[EventDate "1989.??.??"]

1. e4 e6 2. d4 d5 3. Nc3 Nf6 4. Bg5 dxe4 5. Nxe4 Be7 6. Ng3 O-O 7. Bd3 Nbd7 8.
Nf3 c5 9. c3 h6 10. Bd2 Re8 11. Qe2 b6 12. O-O Bb7 13. Rfe1 a6 14. Rad1 Qc7 15.
Ne5 Bf8 16. f4 Nb8 17. dxc5 Bxc5+ 18. Kh1 Nbd7 19. b4 Bd6 20. Bb1 Rad8 21. c4
a5 22. a3 Nb8 23. Bc3 axb4 24. axb4 Na6 25. Qb2 Qe7 26. b5 Nc5 27. Qc2 Qc7 28.
Nh5 Nxh5 29. Qh7+ Kf8 30. Bg6 Nf6 31. Qh8+ Ke7 32. Qxg7 Rf8 33. Nxf7 Ne8 34.
Qh7 Bxg2+ 35. Kxg2 Qb7+ 36. Kg1 Rd7 37. Nxd6+ Kd8 38. Nxb7+ 1-0

[Event "1. Lovsprings EMT Mesterklassen"]
[Site "Ringsted"]
[Date "1989.04.07"]
[Round "1"]
[White "Hald, Jens Erik"]
[Black "Andreasen, Jens"]
[Result "1/2-1/2"]
[WhiteElo "2095"]
[BlackElo "2024"]
[PlyCount "115"]
[EventDate "1989.??.??"]

1. e4 c5 2. Nf3 Nc6 3. Bb5 d6 4. c3 Bd7 5. O-O Nf6 6. Re1 a6 7. Bxc6 Bxc6 8. d4
Bxe4 9. Bg5 Bc6 10. Nbd2 h6 11. Bxf6 gxf6 12. c4 Bg7 13. d5 Bd7 14. Nh4 f5 15.
Qf3 b5 16. Nxf5 Bxf5 17. Qxf5 Qd7 18. Qd3 Rb8 19. Re2 O-O 20. Rae1 Rfe8 21. b3
Rb7 22. Re3 a5 23. Rg3 Kh8 24. Re4 Qf5 25. Rxe7 Qc8 26. Rxe8+ Qxe8 27. Re3 Qd7
28. Qe2 Qf5 29. h3 a4 30. Rf3 Qg5 31. Qe8+ Kh7 32. Qe4+ Qg6 33. Qe2 axb3 34.
axb3 bxc4 35. bxc4 Rb2 36. Qd3 Qxd3 37. Rxd3 Rc2 38. Kf1 Bc3 39. Ne4 Bd4 40.
Nd2 Kg6 41. Ke2 Rc1 42. g3 f5 43. Rb3 h5 44. f4 Bf6 45. Rb7 Rc3 46. Rd7 Rxg3
47. Rxd6 Kf7 48. Nf3 Rxh3 49. Ne5+ Bxe5 50. fxe5 Rh4 51. Rf6+ Ke7 52. Rxf5 Rxc4
53. Rxh5 Rd4 54. e6 Kd6 55. Ke3 Rd1 56. Rg5 Rd4 57. Ke2 Re4+ 58. Kd3 1/2-1/2

[Event "1. Lovsprings EMT Mesterklassen"]
[Site "Ringsted"]
[Date "1989.04.07"]
[Round "1"]
[White "Sivertsen, Palle"]
[Black "Knudsen, Henrik"]
[Result "0-1"]
[WhiteElo "2110"]
[BlackElo "1952"]
[PlyCount "65"]
[EventDate "1989.??.??"]

1. e4 d6 2. d4 Nf6 3. Nc3 g6 4. Nf3 Bg7 5. Be2 O-O 6. Bg5 h6 7. Bf4 c6 8. Qd2
Kh7 9. h4 d5 10. Ng5+ Kg8 11. e5 hxg5 12. exf6 gxf4 13. fxg7 Kxg7 14. Qxf4 Qd6
15. Qxd6 exd6 16. Kd2 Be6 17. Bd3 Rh8 18. Ne2 c5 19. c3 Nc6 20. f3 Rh6 21. g3
Rah8 22. Rhe1 f6 23. f4 Bg4 24. Bb5 Re8 25. Ng1 Rhh8 26. Bxc6 bxc6 27. Rxe8
Rxe8 28. Re1 Re4 29. Rxe4 dxe4 30. dxc5 dxc5 31. Ne2 Bxe2 32. Kxe2 f5 33. c4
0-1

[Event "1. Lovsprings EMT Mesterklassen"]
[Site "Ringsted"]
[Date "1989.04.14"]
[Round "2"]
[White "Christensen, Lars (1957)"]
[Black "Olsen, Nils Linde"]
[Result "1/2-1/2"]
[WhiteElo "1962"]
[BlackElo "2158"]
[PlyCount "23"]
[EventDate "1989.??.??"]

1. e4 c5 2. d4 cxd4 3. c3 Nf6 4. e5 Nd5 5. Qxd4 e6 6. Nf3 Nc6 7. Qe4 d6 8. Nbd2
Nb6 9. Nb3 dxe5 10. Nxe5 Nxe5 11. Qxe5 Qd5 12. Bb5+ 1/2-1/2

[Event "1. Lovsprings EMT Mesterklassen"]
[Site "Ringsted"]
[Date "1989.04.14"]
[Round "2"]
[White "Hansen, Jorgen Bredahl"]
[Black "Hald, Jens Erik"]
[Result "1-0"]
[WhiteElo "2021"]
[BlackElo "2095"]
[PlyCount "67"]
[EventDate "1989.??.??"]

1. e4 c5 2. b3 Nc6 3. Bb2 e5 4. f4 exf4 5. Bc4 d6 6. Nf3 Nf6 7. Nc3 Be7 8. O-O
O-O 9. Qe1 Re8 10. Rd1 Ng4 11. Nd5 Bf6 12. Nxf6+ Nxf6 13. Qh4 Ne5 14. Qxf4 Bg4
15. Bxf7+ Nxf7 16. Bxf6 Qxf6 17. Qxg4 Qb2 18. Qf5 Re7 19. Qd5 Kh8 20. c3 Qxa2
21. Rde1 Qa6 22. Ng5 Nxg5 23. Qxg5 Re5 24. Rf5 Rae8 25. Ref1 Rxf5 26. Qxf5 h6
27. Qg6 Qc6 28. Rf7 Rg8 29. Kf2 Qe8 30. Ke3 d5 31. d3 b6 32. g4 a5 33. g5 dxe4
34. dxe4 1-0

[Event "1. Lovsprings EMT Mesterklassen"]
[Site "Ringsted"]
[Date "1989.04.14"]
[Round "2"]
[White "Lynge, Michael"]
[Black "Sivertsen, Palle"]
[Result "1/2-1/2"]
[WhiteElo "1948"]
[BlackElo "2110"]
[PlyCount "92"]
[EventDate "1989.??.??"]

1. Nf3 c5 2. g3 Nc6 3. Bg2 g6 4. O-O Bg7 5. d3 d6 6. Nbd2 e5 7. e4 Nge7 8. a4
O-O 9. Nc4 d5 10. exd5 Nxd5 11. Re1 f6 12. h3 Be6 13. Be3 Nxe3 14. Nxe3 Qd7 15.
Kh2 Rfd8 16. Nd2 Rab8 17. Ne4 Qe7 18. Nc3 Qf7 19. Qe2 Nd4 20. Qf1 f5 21. f4 g5
22. Rac1 gxf4 23. gxf4 Bh6 24. fxe5 f4 25. Ned5 Rxd5 26. Nxd5 Bxd5 27. Bxd5
Qxd5 28. Re4 Kh8 29. c3 Ne6 30. Rce1 Rg8 31. Qe2 Rg5 32. Rg1 Qd8 33. Rxg5 Qxg5
34. Qg4 Qxg4 35. hxg4 Kg8 36. d4 cxd4 37. cxd4 Kf7 38. b4 Nc7 39. Re1 Ke6 40.
Rc1 Kd7 41. Rc3 Bf8 42. b5 Nd5 43. Rf3 Be7 44. Rh3 Ne3 45. Rxh7 Nxg4+ 46. Kg2
Ne3+ 1/2-1/2

[Event "1. Lovsprings EMT Mesterklassen"]
[Site "Ringsted"]
[Date "1989.04.14"]
[Round "2"]
[White "Madsen, Hans Henrik"]
[Black "Andreasen, Jens"]
[Result "1-0"]
[WhiteElo "1999"]
[BlackElo "2024"]
[PlyCount "103"]
[EventDate "1989.??.??"]

1. d4 d5 2. c4 e6 3. Nc3 f5 4. Nf3 c6 5. cxd5 exd5 6. Bg5 Nf6 7. e3 Be7 8. Bd3
O-O 9. Qb3 Re8 10. Bxf6 Bxf6 11. O-O-O b5 12. Qc2 Na6 13. Bxf5 Bxf5 14. Qxf5
Qa5 15. Nd2 Rac8 16. Nb3 Qb6 17. Kb1 Be7 18. Rc1 Nc7 19. Nd1 a5 20. Nc5 Bxc5
21. Rxc5 b4 22. Re1 Nb5 23. Re2 a4 24. Qd3 Qa6 25. Rd2 Rb8 26. Kc1 Qb6 27. Rdc2
b3 28. axb3 axb3 29. Qxb3 Qa5 30. Qd3 Qa1+ 31. Kd2 Nd6 32. Ke2 Nc4 33. b3 Na5
34. Qc3 Qxc3 35. R5xc3 Nxb3 36. Kd3 Na5 37. f3 Re6 38. e4 Kf7 39. Ne3 dxe4+ 40.
fxe4 Rbe8 41. Rf2+ Kg6 42. e5 Nb7 43. Rb3 Nd6 44. g4 c5 45. Rb6 cxd4 46. Nd5
Rxe5 47. Rxd6+ Kg5 48. Rd7 Kh4 49. Rf5 Kxg4 50. Rff7 Kh3 51. Rxg7 Kxh2 52. Nf6
1-0

[Event "1. Lovsprings EMT Mesterklassen"]
[Site "Ringsted"]
[Date "1989.04.28"]
[Round "3"]
[White "Knudsen, Henrik"]
[Black "Olsen, Nils Linde"]
[Result "0-1"]
[WhiteElo "1952"]
[BlackElo "2158"]
[PlyCount "152"]
[EventDate "1989.??.??"]

1. c4 Nf6 2. Nc3 g6 3. g3 Bg7 4. Bg2 O-O 5. Nf3 d6 6. d4 Nbd7 7. O-O e5 8. e3
Re8 9. Qc2 c6 10. b3 Qc7 11. Bb2 Nf8 12. dxe5 dxe5 13. e4 Bg4 14. h3 Bxf3 15.
Bxf3 Ne6 16. Ne2 Rad8 17. Rad1 c5 18. Rxd8 Rxd8 19. Rd1 Nd4 20. Bxd4 cxd4 21.
Qd2 Bf8 22. Nc1 Ba3 23. Nd3 Kg7 24. Bg2 a6 25. f4 exf4 26. e5 Nh5 27. gxf4 Ng3
28. Re1 b5 29. c5 a5 30. Qf2 Nf5 31. Qf3 Ne3 32. Qb7 Qxb7 33. Bxb7 Nc2 34. Re2
Nb4 35. Rd2 Nxd3 36. Rxd3 Bxc5 37. Bc6 b4 38. Bb5 g5 39. f5 Rd5 40. e6 Rxf5 41.
exf7 Kxf7 42. Kg2 Re5 43. Rf3+ Kg7 44. Bd3 Re1 45. Rf1 Re6 46. Rf5 Be7 47. Bc4
Re3 48. Rf3 Re5 49. Kf2 Rc5 50. Bd3 Bf6 51. Bc4 a4 52. Kg2 a3 53. Rd3 Kf8 54.
Rf3 Ke7 55. Kg3 h5 56. Kg2 Rc6 57. Rf2 Rxc4 58. bxc4 d3 59. Rd2 b3 60. axb3 Bc3
61. Rxd3 a2 62. Rd1 a1=Q 63. Rxa1 Bxa1 64. Kf3 Ke6 65. Ke4 Bf6 66. c5 Be7 67.
b4 Bf8 68. Kd4 Bg7+ 69. Ke4 Bc3 70. b5 Bb4 71. Kd4 g4 72. hxg4 hxg4 73. b6 Kd7
74. b7 Kc7 75. c6 g3 76. Ke3 Bd6 0-1

[Event "1. Lovsprings EMT Mesterklassen"]
[Site "Ringsted"]
[Date "1989.04.28"]
[Round "3"]
[White "Preuss, Flemming"]
[Black "Christensen, Lars (1957)"]
[Result "1-0"]
[WhiteElo "2043"]
[BlackElo "1962"]
[PlyCount "103"]
[EventDate "1989.??.??"]

1. e4 c5 2. Nf3 d6 3. d4 cxd4 4. Qxd4 Nc6 5. Bb5 Bd7 6. Bxc6 Bxc6 7. Nc3 Nf6 8.
Bg5 h6 9. Bxf6 gxf6 10. O-O-O Rg8 11. Nh4 Qa5 12. Kb1 Rg4 13. g3 Rg5 14. Rhe1
Qc5 15. Qd2 e6 16. f4 Rg8 17. e5 fxe5 18. fxe5 O-O-O 19. Qf4 Rd7 20. exd6 Bg7
21. Ne4 Qb4 22. c3 Qc4 23. b3 Qb5 24. Nf6 Bxf6 25. Qxf6 Qg5 26. Rf1 Qe3 27. Qd4
Be4+ 28. Kb2 Qxd4 29. Rxd4 f5 30. Nf3 Rgd8 31. Ne5 Rxd6 32. Rfd1 Rxd4 33. Rxd4
Rxd4 34. cxd4 Kc7 35. Kc3 Kd6 36. Nf7+ Ke7 37. Nxh6 Kf6 38. g4 Kg6 39. gxf5+
Kxh6 40. fxe6 Kg6 41. Kc4 Kf6 42. d5 Ke7 43. Kc5 Bg6 44. a4 Bc2 45. a5 Bxb3 46.
h4 Bd1 47. a6 bxa6 48. Kc6 a5 49. Kc7 Ba4 50. h5 Kf6 51. h6 Kg6 52. d6 1-0

[Event "1. Lovsprings EMT Mesterklassen"]
[Site "Ringsted"]
[Date "1989.04.28"]
[Round "3"]
[White "Andreasen, Jens"]
[Black "Sivertsen, Palle"]
[Result "0-1"]
[WhiteElo "2024"]
[BlackElo "2110"]
[PlyCount "126"]
[EventDate "1989.??.??"]

1. d4 Nf6 2. Nf3 d6 3. c4 c6 4. Nc3 Bf5 5. h3 h6 6. Bf4 Nbd7 7. e3 Qa5 8. Qa4
Qxa4 9. Nxa4 g5 10. Bh2 Bg7 11. Nc3 O-O 12. Be2 a6 13. g4 Bh7 14. h4 Nxg4 15.
hxg5 Nxh2 16. Rxh2 hxg5 17. Nxg5 Bg6 18. O-O-O b5 19. Rg1 bxc4 20. Nxf7 Kxf7
21. Rhg2 d5 22. Rxg6 Bf6 23. Bh5 Rh8 24. Bf3 Rac8 25. e4 Bxd4 26. exd5 Ne5 27.
Rg7+ Kf8 28. Bg4 Rb8 29. Bf5 Nf3 30. R7g3 Nxg1 31. Rxg1 cxd5 32. Be6 Rb6 33.
Bxd5 Bxc3 34. bxc3 Rf6 35. Bxc4 Rxf2 36. a4 Rf4 37. Bb3 e5 38. Rd1 Ke7 39. Kb2
Rd8 40. Rg1 Kf6 41. a5 Rf2+ 42. Ka3 Rf3 43. Bc4 Rb8 44. Rc1 Rf4 45. Bf1 Ke7 46.
Re1 Kd6 47. Rd1+ Kc5 48. Re1 e4 49. Bxa6 Ra8 50. Be2 Rxa5+ 51. Kb3 Ra7 52. Rg1
Rd7 53. Rg5+ Rd5 54. Rxd5+ Kxd5 55. Kc2 Rh4 56. Kd2 Rh3 57. Ba6 Ke5 58. Be2 Kf4
59. Ba6 Rh6 60. Bb5 Rb6 61. c4 Kf3 62. Ke1 e3 63. Kf1 Rh6 0-1

[Event "1. Lovsprings EMT Mesterklassen"]
[Site "Ringsted"]
[Date "1989.04.28"]
[Round "3"]
[White "Lynge, Michael"]
[Black "Hald, Jens Erik"]
[Result "1-0"]
[WhiteElo "1948"]
[BlackElo "2095"]
[PlyCount "80"]
[EventDate "1989.??.??"]

1. Nf3 Nf6 2. g3 g6 3. Bg2 Bg7 4. O-O O-O 5. d3 d6 6. c4 e5 7. Nc3 Nc6 8. Rb1
a5 9. a3 h6 10. Bd2 Be6 11. b4 axb4 12. axb4 Qd7 13. b5 Ne7 14. Qc1 Kh7 15. Rd1
Nh5 16. Qc2 f5 17. Rdc1 Kh8 18. Nd5 Rac8 19. Nxe7 Qxe7 20. Nh4 Qf7 21. Bxb7 Rb8
22. Bd5 g5 23. Bxe6 Qxe6 24. Ng2 f4 25. c5 d5 26. Qd1 Nf6 27. Qf1 fxg3 28. hxg3
Ng4 29. f3 e4 30. Bc3 d4 31. Ba5 Be5 32. Qe1 Ne3 33. Nxe3 dxe3 34. dxe4 g4 35.
f4 Bg7 36. Bxc7 Rbc8 37. Bd6 Rf7 38. e5 Qg6 39. b6 Qe4 40. Qf1 Rb7 1-0

[Event "1. Lovsprings EMT Mesterklassen"]
[Site "Ringsted"]
[Date "1989.05.19"]
[Round "4"]
[White "Olsen, Nils Linde"]
[Black "Preuss, Flemming"]
[Result "1-0"]
[WhiteElo "2158"]
[BlackElo "2043"]
[PlyCount "71"]
[EventDate "1989.??.??"]

1. d4 c5 2. d5 e5 3. e4 d6 4. c4 g6 5. Nc3 Bg7 6. Be2 Ne7 7. h4 f5 8. h5 Nd7 9.
Nf3 f4 10. g4 gxh5 11. gxh5 Bh6 12. Qa4 O-O 13. Bd2 Nf6 14. O-O-O a6 15. Rdg1+
Kh8 16. Qc2 b5 17. cxb5 axb5 18. Bxb5 Bg4 19. Qd3 Rg8 20. Nh4 Rb8 21. Qc2 Bxh5
22. f3 Qf8 23. Be1 Qf7 24. Bf1 Rxg1 25. Rxg1 Rg8 26. Qh2 Rg3 27. Kb1 Nexd5 28.
exd5 Nxd5 29. Rxg3 fxg3 30. Qxg3 Nxc3+ 31. Bxc3 Bf4 32. Qh3 Qd5 33. Be2 Bf7 34.
b3 Kg7 35. Qg4+ Kf6 36. Qxf4+ 1-0

[Event "1. Lovsprings EMT Mesterklassen"]
[Site "Ringsted"]
[Date "1989.05.19"]
[Round "4"]
[White "Knudsen, Henrik"]
[Black "Hansen, Jorgen Bredahl"]
[Result "0-1"]
[WhiteElo "1952"]
[BlackElo "2021"]
[PlyCount "73"]
[EventDate "1989.??.??"]

1. c4 e6 2. Nc3 f5 3. Nf3 Nf6 4. b3 Be7 5. Bb2 O-O 6. g3 d5 7. Bg2 d4 8. Nb5 c5
9. e3 a6 10. Na3 Nc6 11. d3 e5 12. O-O Bd6 13. exd4 exd4 14. Nc2 f4 15. b4 Bg4
16. bxc5 Bxc5 17. Qc1 Bxf3 18. Bxf3 Ne5 19. Qd1 fxg3 20. fxg3 Qd7 21. Rb1 Rae8
22. Ba3 Nxf3+ 23. Rxf3 Bxa3 24. Nxa3 Ng4 25. Nc2 Ne5 26. Rf4 Rxf4 27. gxf4 Ng6
28. Qf3 b5 29. cxb5 axb5 30. Rb4 Nh4 31. Qg3 Nf5 32. Qf2 Ne3 33. Nxe3 Rxe3 34.
Qg2 Rxd3 35. Qe2 Rc3 36. Qd1 Qe8 37. Kf1 0-1

[Event "1. Lovsprings EMT Mesterklassen"]
[Site "Ringsted"]
[Date "1989.05.19"]
[Round "4"]
[White "Sivertsen, Palle"]
[Black "Christensen, Lars (1957)"]
[Result "0-1"]
[WhiteElo "2110"]
[BlackElo "1962"]
[PlyCount "80"]
[EventDate "1989.??.??"]

1. e4 c5 2. f4 d5 3. Nc3 dxe4 4. Nxe4 Qb6 5. Bc4 Bf5 6. Qe2 Bxe4 7. Qxe4 Nf6 8.
Qe2 Nc6 9. Nf3 g6 10. Ne5 e6 11. Nxc6 bxc6 12. O-O Be7 13. b3 Nd5 14. Bb2 Rg8
15. Be5 Rd8 16. a4 a5 17. Rae1 Rd7 18. Qg4 Qd8 19. f5 h5 20. Qg3 Bh4 21. fxe6
Bxg3 22. exd7+ Qxd7 23. Bxg3+ Kd8 24. Rf3 Re8 25. Ref1 f5 26. Rd3 Re4 27. Bf4
Ke7 28. Bg5+ Kf8 29. Bh6+ Kf7 30. Rg3 Qe6 31. Be3 Qe7 32. Bg5 Qd6 33. Rd3 Rg4
34. Be3 Kg7 35. h3 Re4 36. Rf3 f4 37. Kf2 g5 38. Kf1 Kg6 39. Bg1 h4 40. Rf2 Qe7
0-1

[Event "1. Lovsprings EMT Mesterklassen"]
[Site "Ringsted"]
[Date "1989.05.19"]
[Round "4"]
[White "Andreasen, Jens"]
[Black "Lynge, Michael"]
[Result "1/2-1/2"]
[WhiteElo "2024"]
[BlackElo "1948"]
[PlyCount "54"]
[EventDate "1989.??.??"]

1. d4 Nf6 2. Nf3 c5 3. dxc5 Na6 4. c4 Nxc5 5. Nc3 g6 6. g3 Bg7 7. Bg2 O-O 8.
O-O d6 9. h3 Rb8 10. Nd4 a6 11. Be3 Re8 12. b4 Ne6 13. Rc1 Nxd4 14. Bxd4 b6 15.
Nd5 Nxd5 16. cxd5 Bxd4 17. Qxd4 Bd7 18. h4 Bb5 19. Bf3 h5 20. Rc3 e5 21. dxe6
Rxe6 22. Rfc1 Bxe2 23. Bd5 Qf6 24. Rc8+ Rxc8 25. Rxc8+ Kg7 26. Qxf6+ Rxf6 27.
Rc6 Bf3 1/2-1/2

[Event "1. Lovsprings EMT Mesterklassen"]
[Site "Ringsted"]
[Date "1989.05.19"]
[Round "4"]
[White "Hald, Jens Erik"]
[Black "Madsen, Hans Henrik"]
[Result "1-0"]
[WhiteElo "2095"]
[BlackElo "1999"]
[PlyCount "65"]
[EventDate "1989.??.??"]

1. e4 Nf6 2. Nc3 d5 3. e5 d4 4. exf6 dxc3 5. fxg7 cxd2+ 6. Bxd2 Bxg7 7. Qf3
Bxb2 8. Rd1 Nd7 9. Bc3 Bxc3+ 10. Qxc3 e5 11. Bc4 Qf6 12. Ne2 Nb6 13. Bb3 c6 14.
O-O O-O 15. f4 Bg4 16. fxe5 Qg7 17. Rd2 Rae8 18. h3 Be6 19. Rd3 Kh8 20. Rg3 Qh6
21. Rf6 Qh5 22. Nf4 Qd1+ 23. Kh2 Bxb3 24. axb3 Nd5 25. Nxd5 cxd5 26. Rd6 Rc8
27. Qe3 Rg8 28. e6 Rxg3 29. Qxg3 Rxc2 30. Qe5+ Kg8 31. exf7+ Kf8 32. Rd7 Qf3
33. Qe7+ 1-0

[Event "1. Lovsprings EMT Mesterklassen"]
[Site "Ringsted"]
[Date "1989.05.26"]
[Round "5"]
[White "Hald, Jens Erik"]
[Black "Preuss, Flemming"]
[Result "0-1"]
[WhiteElo "2095"]
[BlackElo "2043"]
[PlyCount "108"]
[EventDate "1989.??.??"]

1. e4 c5 2. Nf3 Nc6 3. Bb5 e6 4. O-O d6 5. c3 Bd7 6. Re1 Qc7 7. d4 Be7 8. Bf4
b6 9. Na3 Nf6 10. d5 Ne5 11. Bxe5 dxe5 12. Bxd7+ Nxd7 13. Nc4 Bf6 14. dxe6 fxe6
15. Nd6+ Ke7 16. Nc4 b5 17. Ne3 Rhd8 18. Qe2 c4 19. Ng4 Nc5 20. Nxf6 gxf6 21.
Qe3 Nd3 22. Red1 Qc6 23. b3 Rg8 24. bxc4 bxc4 25. Ne1 Nf4 26. Rd2 Rgd8 27. Rxd8
Kxd8 28. g3 Nh3+ 29. Kg2 Ng5 30. Rd1+ Ke7 31. f3 Qb6 32. Qc1 Nf7 33. Qa3+ Nd6
34. Nc2 Rc8 35. Kf1 Rc5 36. Qc1 Rb5 37. Qh6 Rb2 38. Qc1 Rxa2 39. Ne3 Rxh2 40.
Kg1 Re2 41. Re1 Rxe1+ 42. Qxe1 a5 43. Kg2 Qb2+ 44. Kh3 a4 45. Qd1 Qxc3 46. Ng4
Qb3 47. Qd2 Qxf3 48. Qa5 Qh1+ 49. Nh2 Nxe4 50. Qc7+ Kf8 51. Qd8+ Kg7 52. Qe7+
Kg6 53. Qe8+ Kf5 54. g4+ Kf4 0-1

[Event "1. Lovsprings EMT Mesterklassen"]
[Site "Ringsted"]
[Date "1989.05.26"]
[Round "5"]
[White "Christensen, Lars (1957)"]
[Black "Lynge, Michael"]
[Result "0-1"]
[WhiteElo "1962"]
[BlackElo "1948"]
[PlyCount "52"]
[EventDate "1989.??.??"]

1. e4 e6 2. Nf3 d5 3. e5 c5 4. b4 cxb4 5. a3 Nc6 6. axb4 Bxb4 7. c3 Ba5 8. d4
f6 9. Bd3 Qc7 10. Bf4 f5 11. g4 fxg4 12. Nfd2 Bd7 13. Qxg4 O-O-O 14. Qxg7 Nge7
15. Qh6 Nxd4 16. cxd4 Qc1+ 17. Ke2 Qxh1 18. Rxa5 Nc6 19. Rc5 Kb8 20. Nf3 Qg2
21. Qg5 Qxg5 22. Bxg5 Rc8 23. Bf6 Rhf8 24. Rc2 Be8 25. Ke3 h6 26. Bg7 Rxf3+ 0-1

[Event "1. Lovsprings EMT Mesterklassen"]
[Site "Ringsted"]
[Date "1989.05.26"]
[Round "5"]
[White "Andreasen, Jens"]
[Black "Knudsen, Henrik"]
[Result "1-0"]
[WhiteElo "2024"]
[BlackElo "1952"]
[PlyCount "91"]
[EventDate "1989.??.??"]

1. d4 d5 2. c4 e6 3. Nc3 Nf6 4. cxd5 exd5 5. Nf3 Be7 6. Bf4 O-O 7. e3 c6 8. Qc2
Bg4 9. Bd3 Bh5 10. Ne5 Nbd7 11. O-O Re8 12. Rab1 Nf8 13. b4 a6 14. a4 Ne6 15.
Bg3 Rc8 16. Rfc1 Bg6 17. Bxg6 hxg6 18. Bh4 Nd7 19. Bxe7 Qxe7 20. Nxd7 Qxd7 21.
Qd3 Rc7 22. b5 cxb5 23. axb5 Rec8 24. bxa6 bxa6 25. h3 Qd6 26. Ne2 Rc4 27. Qb3
Qc7 28. Rxc4 Qxc4 29. Qxc4 dxc4 30. Nc3 Nc7 31. Rb6 Nb5 32. Nxb5 axb5 33. Rxb5
c3 34. Rb1 Ra8 35. Rc1 Ra3 36. Kf1 Kf8 37. Rc2 Ke7 38. Ke2 Kd6 39. Kd3 f5 40.
Rxc3 Ra2 41. Rc2 Ra1 42. Ke2 Rg1 43. Kf3 g5 44. Rc5 g4+ 45. hxg4 fxg4+ 46. Kg3
1-0

[Event "1. Lovsprings EMT Mesterklassen"]
[Site "Ringsted"]
[Date "1989.05.26"]
[Round "5"]
[White "Madsen, Hans Henrik"]
[Black "Sivertsen, Palle"]
[Result "0-1"]
[WhiteElo "1999"]
[BlackElo "2110"]
[PlyCount "74"]
[EventDate "1989.??.??"]

1. d4 Nf6 2. Bg5 b6 3. Bxf6 exf6 4. e3 Bb7 5. Nf3 g6 6. Be2 Bg7 7. O-O O-O 8.
c4 d6 9. Nfd2 f5 10. Bf3 Qc8 11. Nc3 Nd7 12. Nd5 Re8 13. g4 fxg4 14. Bxg4 f5
15. Bf3 Nf6 16. Nxf6+ Bxf6 17. Bxb7 Qxb7 18. Qf3 Qxf3 19. Nxf3 Re7 20. Rad1
Rae8 21. Rd2 g5 22. d5 Re4 23. Nd4 Bxd4 24. exd4 Re2 25. Rfd1 f4 26. Kf1 f3 27.
h3 h5 28. b4 g4 29. hxg4 hxg4 30. a4 Kf7 31. Kg1 Kf6 32. Rd3 Kf5 33. c5 Kf4 34.
cxb6 cxb6 35. Rc3 g3 36. fxg3+ Kxg3 37. Kf1 Rh8 0-1

[Event "1. Lovsprings EMT Mesterklassen"]
[Site "Ringsted"]
[Date "1989.05.26"]
[Round "5"]
[White "Hansen, Jorgen Bredahl"]
[Black "Olsen, Nils Linde"]
[Result "1-0"]
[WhiteElo "2021"]
[BlackElo "2158"]
[PlyCount "39"]
[EventDate "1989.??.??"]

1. e4 c5 2. b3 Nc6 3. Bb2 d6 4. f4 Nf6 5. Nc3 e6 6. Nf3 a6 7. Bd3 b5 8. O-O Be7
9. Kh1 O-O 10. e5 Nd5 11. exd6 Bxd6 12. Ng5 h6 13. Bh7+ Kh8 14. Nxd5 exd5 15.
Qh5 Nd4 16. Bxd4 cxd4 17. Bd3 Qf6 18. Nh7 Qd8 19. Nxf8 Bxf8 20. Qxf7 1-0

[Event "1. Lovsprings EMT Mesterklassen"]
[Site "Ringsted"]
[Date "1989.06.02"]
[Round "6"]
[White "Preuss, Flemming"]
[Black "Hansen, Jorgen Bredahl"]
[Result "0-1"]
[WhiteElo "2043"]
[BlackElo "2021"]
[PlyCount "52"]
[EventDate "1989.??.??"]

1. e4 Nc6 2. d4 d5 3. e5 Bf5 4. Ne2 Nb4 5. Na3 c5 6. Ng3 Bg6 7. c3 Nc6 8. h4 h5
9. e6 cxd4 10. Bd3 Qd6 11. O-O Qxe6 12. Re1 Qg4 13. Be2 Qd7 14. cxd4 a6 15. Bf4
e6 16. Rc1 Bb4 17. Rf1 Be7 18. Qa4 Rc8 19. b4 Nf6 20. b5 axb5 21. Nxb5 O-O 22.
Bg5 Ra8 23. Qb3 Ne4 24. Nxe4 dxe4 25. Bxe7 Qxe7 26. Rc5 Nxd4 0-1

[Event "1. Lovsprings EMT Mesterklassen"]
[Site "Ringsted"]
[Date "1989.06.02"]
[Round "6"]
[White "Lynge, Michael"]
[Black "Olsen, Nils Linde"]
[Result "1/2-1/2"]
[WhiteElo "1948"]
[BlackElo "2158"]
[PlyCount "55"]
[EventDate "1989.??.??"]

1. Nf3 Nf6 2. g3 g6 3. Bg2 Bg7 4. O-O O-O 5. d3 d5 6. Nbd2 c5 7. c4 d4 8. b4
cxb4 9. a3 bxa3 10. Bxa3 Nc6 11. Qb3 Re8 12. Rfb1 e5 13. Ng5 Bf8 14. Bxf8 Rxf8
15. Qa3 Qc7 16. Nge4 Ne8 17. c5 Be6 18. Nd6 Rb8 19. N2e4 Nxd6 20. cxd6 Qd8 21.
h4 Bd5 22. Nf6+ Qxf6 23. Bxd5 Rfd8 24. Bxc6 bxc6 25. Rxb8 Rxb8 26. Qc5 Rd8 27.
Qxc6 Qxd6 28. Qxd6 1/2-1/2

[Event "1. Lovsprings EMT Mesterklassen"]
[Site "Ringsted"]
[Date "1989.06.02"]
[Round "6"]
[White "Sivertsen, Palle"]
[Black "Hald, Jens Erik"]
[Result "1-0"]
[WhiteElo "2110"]
[BlackElo "2095"]
[PlyCount "67"]
[EventDate "1989.??.??"]

1. e4 c5 2. f4 Nc6 3. Nf3 g6 4. Nc3 Bg7 5. Bc4 e6 6. f5 Nge7 7. fxe6 dxe6 8. d3
O-O 9. O-O Na5 10. Bb3 Nxb3 11. axb3 Bd7 12. Bf4 Bc6 13. Qe1 Be8 14. Qh4 f6 15.
Bh6 Nc6 16. Rf2 Qe7 17. Raf1 Bd7 18. e5 Bxh6 19. exf6 Qxf6 20. Qxh6 Qg7 21. Qh4
Rac8 22. Ne4 Nd4 23. Nxd4 Rxf2 24. Rxf2 cxd4 25. Nf6+ Kh8 26. Qxd4 Bc6 27. c3
a6 28. Qe5 Rd8 29. d4 Be8 30. Qxe6 Bf7 31. Qe7 Rb8 32. Qc7 Rf8 33. Qe5 Bxb3 34.
Ne8 1-0

[Event "1. Lovsprings EMT Mesterklassen"]
[Site "Ringsted"]
[Date "1989.06.02"]
[Round "6"]
[White "Christensen, Lars (1957)"]
[Black "Andreasen, Jens"]
[Result "1/2-1/2"]
[WhiteElo "1962"]
[BlackElo "2024"]
[PlyCount "23"]
[EventDate "1989.??.??"]

1. e4 c5 2. d4 cxd4 3. c3 d5 4. exd5 Qxd5 5. cxd4 e6 6. Nc3 Qd8 7. Bb5+ Bd7 8.
Bxd7+ Qxd7 9. d5 Nf6 10. dxe6 Qxe6+ 11. Qe2 Qxe2+ 12. Ngxe2 1/2-1/2

[Event "1. Lovsprings EMT Mesterklassen"]
[Site "Ringsted"]
[Date "1989.06.02"]
[Round "6"]
[White "Madsen, Hans Henrik"]
[Black "Knudsen, Henrik"]
[Result "1-0"]
[WhiteElo "1999"]
[BlackElo "1952"]
[PlyCount "67"]
[EventDate "1989.??.??"]

1. d4 d5 2. c4 e6 3. Nc3 Nf6 4. cxd5 exd5 5. Bg5 Nbd7 6. e3 Be7 7. Bd3 O-O 8.
Qc2 h6 9. Bh4 c5 10. dxc5 Nxc5 11. Nge2 Be6 12. O-O Rc8 13. Rfd1 Qa5 14. Qd2
Rfd8 15. Nxd5 Qxd2 16. Nxe7+ Kf8 17. Rxd2 Kxe7 18. Nd4 g5 19. Bg3 Nfe4 20. Bxe4
Nxe4 21. Rdd1 h5 22. f3 Nxg3 23. hxg3 g4 24. Kf2 f6 25. a3 Rd6 26. Rd2 Rh8 27.
Rh1 f5 28. Rc2 Rd7 29. Rc5 Kf6 30. fxg4 h4 31. g5+ Kg6 32. Rxh4 Rxh4 33. gxh4
Bd5 34. Nf3 1-0